International colloquium on differential analysis

Guardat en:
Dades bibliogràfiques
Format: Llibre
Idioma:anglès
Publicat: Oxford Oxford University Press 1964
Col·lecció:Tata Institute of Fundamental Research Studies in Mathematics
Matèries:
Etiquetes: Afegir etiqueta
Sense etiquetes, Sigues el primer a etiquetar aquest registre!

MARC

LEADER 00000nam a2200000 a 4500
001 UCP1403
003 CL-VaPUC
005 20250225094621.0
008 990409e19640000uk 1 eng d
082 0 4 |a 515.3  |b INT  |2 21 
245 1 0 |a International colloquium on differential analysis 
260 |a Oxford  |b Oxford University Press  |c 1964 
300 |a 253 p 
490 0 |a Tata Institute of Fundamental Research Studies in Mathematics 
583 |a last modification  |c 19990409 00:00:00  |k Rodrigo Vera 
650 0 0 |a Cálculo diferencial   |9 260102 
650 0 0 |a Ecuaciones diferenciales  |9 260083 
650 0 7 |a GRUPOS  |2 CL-VaPUC  |9 336429 
650 0 0 |a Topología   |9 260092 
650 0 0 |a Vectores  |9 317184 
650 0 0 |a Congresos  |9 257560 
942 |c BK 
945 |a crobeson  |d 19990409 00:00:00 
546 |a En Inglés 
536 |a Tata Institute of Fundamental Research 
518 |p International Colloquium on Differential Analysis, Bombay, 7 al 14 de enero de 1964 
999 |c 383383  |d 383381 
952 |0 0  |1 0  |4 0  |6 515_300000000000000_INT_1964  |7 0  |8 A  |9 505485  |a BIBMAT  |b BIBMAT  |d 2020-01-23  |i 1340530  |o 515.3 INT 1964  |p 1340530  |r 2025-01-07  |w 2020-01-23  |y BK  |k MAT